00513nam a2200193 a 4500001001300000003000900013005001700022008004100039020000800080082001700088100003900105245002400144260004200168300000900210500003500219505001000254650001600264700003900280nice12345678IN_TiNIC20260116012141.0050524s1979 hyda grp 000 0 urd  ac800a891.41bSAH3 aSaheb Hyderabadi, S Muzzafarud Din aAnjuman Dar Anjuman aHyderabadbDaira Electric Pressc1979 a101p aincludes index and biblioraphy2 aindex aUrdu-Poetry1 aSaheb Hyderabadi, S Muzzafarud Din